000 01030cam a2200301 a 4500
001 2268
005 20250826142525.0
020 _a0688164374
040 _aDLC
_cDLC
_beng
050 0 0 _aPZ7.H389
_bLi 1996b
082 0 0 _a813.5
_222
100 1 _aHenkes, Kevin
245 1 0 _aLilly's purple plastic purse /
_cby Kevin Henkes.
246 1 _iTitle on container:
_aLilly book & toy box
246 3 _aLilly book and toy box
250 _aFirst Scholastic printing, January 2004
260 _aNew York :
_bScholastic,
_c1996
300 _a30 unnumbered pages :
_bIllustrations
_c26 cm
505 _aK
520 _aLilly loves everything about school, especially her teacher, but when he asks her to wait a while before showing her new purse, she does something for which she is very sorry later.
521 _a600
_bLexile
521 _aK
_bRaz-Plus
650 1 _aSchools
_vFiction.
650 1 _aTeachers
_vFiction.
650 1 _aMice
_vFiction.
906 _a7
_bcbc
_corignew
_d1
_eocip
_f20
_gy-gencatlg
942 _2ddc
_cBK
_n0
999 _c2268
_d2268